00310nam a2200121Ia 4500008004100000100002000041245003500061260003900096300001000135650002100145942000700166999001500173190216s9999||||xx |||||||||||||| ||und|| aRoger T Stevens 0aGraphics Programming With Java bGalgotia Publication Pvt Ltfc1997 a348 p aComputer Science cBK c8635d8635